La condición humana /

Na minha lista:
Detalhes bibliográficos
Autor principal: Malraux, Andre
Formato: Desconhecido
Idioma:Spanish
Publicado em: Argentina : Editorial Sudamericana S. A, 1974.
Assuntos:
Tags: Adicionar Tag
Sem tags, seja o primeiro a adicionar uma tag!

MARC

LEADER 000000000a22000000004500
001 003649
041 0 |a spa 
082 0 4 |a 843.91   |b M255c 
100 1 |a Malraux, Andre 
245 1 3 |a La condición humana /   |c Andre Malraux. 
260 1 |a Argentina :   |b Editorial Sudamericana S. A,   |c 1974. 
300 |a 347 páginas ;   |c 17 cm. 
650 4 |a LITERATURA FRANCESA 
650 4 |a NOVELA 
999 |c 10122  |d 10122 
942 |c BK  |h 843.91 M255c  |2 z